Loading...
Secrets of overcoming sales resistance
| Main Author: | |
|---|---|
| Language: | English |
| Published: |
New Delhi
Vikas
1992
|
| Edition: | 7th ed. |
| Subjects: |
| LEADER | 00564nam a22001817a 4500 | ||
|---|---|---|---|
| 005 | 20151215125008.0 | ||
| 008 | 091012t xxu||||| |||| 00| 0 eng d | ||
| 020 | |a 0706965078 | ||
| 082 | |a 658.810 1 |b GOL | ||
| 100 | |a Goldstein, Albert |9 3711 | ||
| 245 | |a Secrets of overcoming sales resistance | ||
| 250 | |a 7th ed. | ||
| 260 | |a New Delhi |b Vikas |c 1992 | ||
| 300 | |a 202p. | ||
| 653 | |a Sales resistance | ||
| 942 | |c BK |6 _ | ||
| 999 | |c 95629 |d 95629 | ||
| 952 | |0 0 |1 5 |2 ddc |4 0 |6 658810_1GOL |7 0 |9 120504 |a SMS |b SMS |c GEN |d 2009-10-12 |o 658.810 1 GOL |p SMS017201 |r 2009-10-12 |w 2009-10-12 |y WR | ||